Statistics for Active NBA Players With 20,000+ Points

Click here to take the quiz!

General Stats

  • This quiz has been taken 13,354 times
    (254 since last reset)
  • The average score is 7 of 8

Answer Stats

PointsCareerPlayer% Correct
40,4742003–LeBron James
100%
28,9242007–Kevin Durant
98%
23,6682009–Stephen Curry
95%
25,8852009–James Harden
90%
25,2112008–Russell Westbrook
87%
22,2882005–Chris Paul
79%
21,1512012–Damian Lillard
55%
23,5822009–DeMar DeRozan
54%

Score Distribution

Percentile by Number Answered

Percent of People with Each Score

Your Score History

You have not taken this quiz since the last reset